| 000 | 00463nam a2200169 4500 | ||
|---|---|---|---|
| 001 | 113571 | ||
| 003 | ES-MaACL | ||
| 005 | 20230906185937.0 | ||
| 007 | t| | ||
| 008 | 061121m19201929sp r ||||1| spa d | ||
| 100 | 0 |
_aNoel, Eugenio, _d1885-1936 _985823 |
|
| 245 | 1 | 0 |
_aPiel de España / _cEugenio Noel. |
| 260 |
_aMadrid : _b[s.n.], _c[192_?] ( _fArtes Gráficas) |
||
| 300 |
_a230 p. ; _c19 cm. |
||
| 852 |
_aES-MaACL _jF-5615 |
||
| 999 |
_c113571 _d113571 |
||